Trebišov

Zobrazenie: Na striebornom podklade v modrom orámovaní pohľady na budovu nákupného centra, Hotel Tokaj a Mauzóleum grófa Júliusa Andrássyho. V strede je erb mesta

Bibliographic Details
Other Authors: Vrbovský, František (fotograf) (Photographer), Uhrín, Pavol (fotograf) (Photographer)
Format: Photo
Language:Slovak
PhysicalDescription:1 pohľadnica (4 čiastkové pohľady) farebná 11 x 15 cm
Published: Bratislava Pravda 1989
Subjects:

MARC

LEADER 00000ckm a2200000 a 4500
001 vtls001207283
003 SK-MaSNL
005 20260331203212.0
007 kf co
008 230718s1989 xo g 0kuslo
015 |a SNBG1989 
035 |a SNK000150353 
035 |a urn:nbn:sk:snk-km3lwe4 
035 |a 863B403A-5105-4404-94DE-8EC238390EAA 
035 |a urn:nbn:sk:snk-km00drai 
040 |a SNK  |b slo  |c SNK  |e AACR2 
041 0 |a slo 
043 |a e-xo--- 
044 |a xo  |c SK 
072 7 |a 913  |x Regionálna geografia  |2 konspekt 
080 |a 913(437.6)  |2 2011 
080 |a 726.822  |2 2011 
080 |a 339.372.2  |2 2011 
080 |a 640.412  |2 2011 
080 |a (084.121)  |2 2011 
100 1 |a Vrbovský, František  |c (fotograf)  |4 pht  |9 283300 
245 1 0 |a Trebišov  |h grafika  |c foto František Vrbovský, Pavol Uhrín 
246 1 |i Názov na adresnej časti:  |a Trebišov 
260 |a Bratislava  |b Pravda  |c 1989 
300 |a 1 pohľadnica (4 čiastkové pohľady)  |b farebná  |c 11 x 15 cm 
500 |a Názvové údaje prevzaté z obrazovej časti pohľadnice 
500 |a Na adresnej časti pohľadnice uvedené: Trebišov - najstaršia písomná správa uchovaná z r. 1254. V 1. pol. 15. stor. poddanským mestečkom. R. 1831 bol Trebišov jedným zo stredísk východoslovenského sedliackého povstania 
520 8 |a Zobrazenie: Na striebornom podklade v modrom orámovaní pohľady na budovu nákupného centra, Hotel Tokaj a Mauzóleum grófa Júliusa Andrássyho. V strede je erb mesta 
650 0 7 |a mauzóleá  |2 SNKPH  |9 3021 
650 0 7 |a nákupné centrá  |2 SNKPH  |9 79092 
650 0 7 |a hotely  |2 SNKPH  |9 18422 
651 7 |a Trebišov (Slovensko)  |2 SNKPHgeo  |9 26686 
655 7 |a miestne pohľadnice  |2 SNKPH  |9 70510 
700 1 |a Uhrín, Pavol  |c (fotograf)  |4 pht  |9 283293 
852 |a Slovenská národná knižnica 
954 |a pohľadnice pôvodné (slovenské)  |2 lita 
958 |a GBN 
958 |a TL 
958 |a GC 
958 |a OND 
999 |c 1201146  |d 1203076 
952 |a SNK  |b SNK  |y PREZ  |7 0  |p 17A1287172  |o snkSP 142819  |i snk3125/90  |0 0  |1 0  |4 0  |d 2019-02-14  |f 1  |l 0  |r 2026-02-24 22:42:02  |w 2026-02-24 
952 |a SNK  |b SNK  |y PREZ  |7 0  |p 17A1287173  |o snkSP 142819 D1  |i snk3126/90  |0 0  |1 0  |4 0  |d 2019-02-14  |l 0  |r 2026-02-24 22:42:02  |w 2026-02-24